Ties that bind (Record no. 607585)

MARC details
000 -LEADER
fixed length control field 00826nam a2200241Ia 4500
003 - CONTROL NUMBER IDENTIFIER
control field OSt
005 - DATE AND TIME OF LATEST TRANSACTION
control field 20220926003338.0
008 - FIXED-LENGTH DATA ELEMENTS--GENERAL INFORMATION
fixed length control field 220923b |||||||| |||| 00| 0 eng d
020 ## - INTERNATIONAL STANDARD BOOK NUMBER
International Standard Book Number 9780199915675
037 ## - SOURCE OF ACQUISITION
Terms of availability General Book
040 ## - CATALOGING SOURCE
Original cataloging agency RTL
Transcribing agency RTL
Language of cataloging eng
041 ## - LANGUAGE CODE
Source of code eng
Language code of text/sound track or separate title eng
100 ## - MAIN ENTRY--PERSONAL NAME
Personal name OHNUMA Reiko
9 (RLIN) 307193
245 #0 - TITLE STATEMENT
Title Ties that bind
Remainder of title Maternal imagery and discourse in Indian buddhism
260 ## - PUBLICATION, DISTRIBUTION, ETC.
Place of publication, distribution, etc. New Delhi
Name of publisher, distributor, etc. Oxford University Press
Date of publication, distribution, etc. 2012
300 ## - PHYSICAL DESCRIPTION
Extent xiii,262p
Dimensions cm.
500 ## - GENERAL NOTE
General note Bibliography: P 283-324
942 ## - ADDED ENTRY ELEMENTS (KOHA)
Classification part Y73(Q4).2, Q2
Koha item type General Books
Source of classification or shelving scheme Colon Classification (CC)
Holdings
Withdrawn status Lost status Damaged status Not for loan Home library Current library Date acquired Source of acquisition Cost, normal purchase price Total Checkouts Full call number Barcode Date last seen Cost, replacement price Price effective from Koha item type
        Ratan Tata Library Ratan Tata Library 2022-09-26 G-4558, 20/03/2014, Manohar Publishers & Distributors 1058.25   Y73(Q4).2 Q2 RT1459832 2022-09-26 1058.25 2022-09-26 General Books
Copyright @ Delhi University Library System